000 00469nam a2200193 a 4500
001 1754910598184
003 ACL
005 20250811164519.0
008 250811s2005##################000#0#eng##
020 _a9780007205240
082 0 4 _a974.100491MCC
100 1 _aMcCourt, Frank,
_eauthor.
245 1 0 _a'Tis :
260 _bHarperCollins UK,
_c2005.
300 _a532 pages
650 0 _aBiography & Autobiography.
942 _cENGLISH
040 _aACL
_beng
_cACL
999 _c580208
_d580208